1999 1028 1900 1718 1217 1538 1987 1061 1156 1883 1827 1690 1803 1277 1537 1023 1765 1007 1893 1067 1178 1422 1991 1286 1843 1793 1660 1618 1129 1190 1458 1201 1266 1886 1934 1268 1558 1276 1175 1697 1733 1687 1972 1855 1200 1766 1258 1880 1175 1683 1718 1220 1643 1825 1059 1836 1009 1183 1828 1080 1082 1686 1814 1866 1330 1097 1500 1324 1815 1962 1670 1666 1320 1661 1888 1176 1588 1310 1427 1391 1725 1806 1807 1368 1278 1495 1126 1628 1009 1595 1030 1867 1633 1020 1353 1818 1901 1302 1753 BCNSPRNW ULIB Ver.6.0+V

เปลี่ยนเป็นภาษาไทย

Change to English
 แสดงรายละเอียดบรรณานุกรม
  กลับหน้าหลัก

Brief Record : Get Marc (ISO 2709) : E-mail record : QR code < ปิดหน้าต่าง
LEADER : 00000nam 2200000uu 4500
001    13399125641
003     ULIB
008    170712s2559||||th 000 0 tha d
020    ^a9786160825745
060  0 ^aWB327^bม273ห
100 0  ^aมาริออท, ซูซานนนห์
245 10 ^a1001 วิธี สวย สุขภาพดี ชีวีอ่อนเยาว์ / ^cซูซานนนห์ มาริออท ; ภัทรวรรณ ธาดาดลทิพย์, ผู้แปล
260    ^aกรุงเทพฯ:^bซีเอ็ดยูเคชั่น,^c2559
300    ^a343 หน้า : ^bภาพประกอบ ;^c21 ซม.
650  4 ^aสุขภาพ
700 0  ^aภัทรวรรณ ธาดาดลทิพย์, ^eผู้แปล
945    ^p345^l0^i002619
999    ^aประนอม เกษจรัล
รายการนี้ยังไม่มีแท็ก
คุณยังไม่ได้ล็อกอิน คุณสามารถมีกิจกรรมร่วมกับเว็บไซต์ได้ แต่ต้องล็อกอินก่อน ::
  ล็อกอิน

รายการสื่อสารสนเทศ

ลำดับที่ ประเภท เลขเรียก/บาร์โค้ด สถานที่ สถานะ
1. วิทยาศาสตร์การแพทย์ และสุขภาพ
วิทยาศาสตร์การแพทย์ และสุขภาพ
สถานะ=หนังสือเก่า
WB327 ม273ห ฉ.1 
  Barcode: 002619
ห้องสมุดวิทยาเขตสวรรค์ประชารักษ์
►ส่วนจัดเก็บหนังสือเก่า สปร
บนชั้น
  ขอยืม

รายการใกล้เคียง
    ผู้แต่ง [มาริออท, ซูซานนนห์]

    หัวเรื่อง [สุขภาพ]

BibComment


ยังไม่เคยถูกคอมเมนท์

คอมเมนท์ทรัพยากรรายการนี้
  คอมเมนท์: 1001 วิธี สวย สุ..


 Copyright 2026. Bcnsprnw @Library